|
|
|
|
| LEADER |
03290nam a2200553 a 4500 |
| 001 |
000536650 |
| 003 |
CZ BrMZK |
| 005 |
20190104142021.0 |
| 007 |
ta |
| 008 |
980828s1950 xr g jdcze d |
| 015 |
|
|
|a cnb000502336
|
| 035 |
|
|
|a (OCoLC)71446810
|
| 040 |
|
|
|a BOA001
|b cze
|
| 043 |
|
|
|a ew-----
|
| 045 |
|
|
|a s-s-
|
| 072 |
|
7 |
|a 821.162.3-3
|x Česká próza
|2 Konspekt
|9 25
|
| 080 |
|
|
|a 821.162.3-32
|2 MRF
|
| 080 |
|
|
|a 929.7
|2 MRF
|
| 080 |
|
|
|a 910.4
|2 MRF
|
| 080 |
|
|
|a (4-15)
|2 MRF
|
| 080 |
|
|
|a (0:82-321.6)
|2 MRF
|
| 080 |
|
|
|a (0:82-321.8)
|2 MRF
|
| 100 |
1 |
|
|a Jirásek, Alois,
|d 1851-1930
|7 jk01051816
|4 aut
|
| 245 |
1 |
0 |
|a Z Čech až na konec světa /
|c Alois Jirásek ; k tisku upr. a předml. naps. Rudolf Havel ; kr. Mikuláše Alše ; mp. navrhl Dobroslav Foll
|
| 250 |
|
|
|a 1. vyd.
|
| 260 |
|
|
|a Praha :
|b Státní nakladatelství dětské knihy,
|c 1950
|
| 300 |
|
|
|a 138, [3] s. :
|b [6] obr. příl. [1] barev. mp. ;
|c 8°
|
| 490 |
1 |
|
|a Knižnice pro národní školy ;
|v Zn. B 9
|
| 500 |
|
|
|a Jedním z účinných prostředků zahraniční politiky Jiřího z Poděbrad byly cesty do ciziny, podnikané královými důvěrníky, které měly usnadňovat politická jednání. Jednu takovou cestu podnikl bratr Jiříkovy manželky Johany Lev zRožmitála. Cesta byla dlouhá (od listopadu 1465 do jara 1467) a vedla přes celou západní Evropu až do Anglie, Španělska a Portugalska. Jejím účelem bylo ukázati světu, že Češi nejsou kacíři a divokými válečníky, za něž bylipokládáni, nýbrž že jsou národem civilisovaným, kulturním, nábožensky snášenlivým a po míru toužícím. Tuto cestu popsal člen družiny Václav Šašek z Bířkova. Podle latinského překladu pův. čes. rukopisu Šaškova (který se námnezachoval), napsal r. 1889 A. Jirásek knihu, již upravil pro mládež, kterou tak chtěl obeznámiti se slavným úsekem našich dějin
|
| 500 |
|
|
|a Seznam vyobrazení
|
| 500 |
|
|
|a Vysvětlivky
|
| 500 |
|
|
|a Dostupné též v digitální podobě v aplikaci Kramerius
|
| 600 |
1 |
7 |
|a <<z >>Rožmitálu, Lev,
|d asi 1410-1485
|7 xx0011359
|2 czenas
|
| 600 |
1 |
7 |
|a Šašek z Bířkova, Václav,
|c rytíř,
|d činný 15. století
|7 jk01122540
|2 czenas
|
| 648 |
|
7 |
|a 15. století
|7 ch460553
|2 czenas
|
| 650 |
0 |
7 |
|a šlechtici
|7 ph127824
|z Česko
|y 15. století
|2 czenas
|
| 650 |
0 |
7 |
|a cesty a pobyt
|7 ph137578
|z Evropa západní
|y 15. století
|2 czenas
|
| 655 |
|
7 |
|a české povídky
|7 fd133971
|2 czenas
|
| 655 |
|
7 |
|a historické povídky
|7 fd132412
|2 czenas
|
| 655 |
|
7 |
|a cestopisné povídky
|7 fd131952
|2 czenas
|
| 700 |
1 |
|
|a Havel, Rudolf,
|d 1911-1993
|7 jk01040236
|4 com
|4 wfw
|
| 830 |
|
0 |
|a Knižnice pro národní školy
|0 s
|
| 856 |
4 |
1 |
|u http://www.digitalniknihovna.cz/mzk/uuid/uuid:0ae7edb0-3c0c-11ee-8dfc-005056827e51
|y Digitalizovaný dokument
|x NDK
|
| 910 |
|
|
|a BOA001
|b 2-0253.400
|
| 990 |
|
|
|a BK
|
| 996 |
7 |
|
|b 2618726300
|c 2-0253.400
|l MZK
|r Sklad / do 24 hodin
|n 0
|w 000536650
|u 000040
|a 1
|e BOA001
|j MZK50
|s A
|
| 996 |
6 |
|
|b 2618726301
|c 2-0253.400
|l MZK
|r Sklad / do 24 hodin
|n 0
|w 000536650
|u 000030
|a 1
|e BOA001
|j MZK50
|s P
|
| 996 |
7 |
|
|b 2618726302
|c 2-0253.400
|l MZK
|r Sklad / do 24 hodin
|n 0
|w 000536650
|u 000020
|a 1
|e BOA001
|j MZK50
|s A
|
| 996 |
7 |
|
|b 2619743878
|c 2-0253.400
|l MZK
|r Sklad / do 24 hodin
|n 9
|w 000536650
|u 000010
|a 1
|e BOA001
|j MZK50
|s A
|